000 01331nam a2200361 a 4500
008 951214s1988||||[C 0 slo c
020 _c26 Kčs.
_q(5000 výtl.)
040 _aSNK
_bslo
_cSNK
_eAACR2
041 1 _aslo
_hger
044 _axo
_cSK
080 _a141.82(044)
080 _a930.25
100 1 _aMarx, Karl
_4aut
245 1 0 _aVybrané listy v troch zväzkoch
_bTretí zväzok 1888-1895
_cKarl Marx, Friedrich Engels ; Zdeněk Dvořáček, Karol Truchlik, Magdaléna Bobáková, Viera Hadrabová, Oľga Hrubošová, Eva Lengyelová, Pavol Musil, Jana Rakšányiová, Mária Stryhalová, Milan Žitný, Oto Takáč
250 _a1., vyd.
260 _aBratislava
_bPravda
_c1988
_eBratislava
_fPravda
300 _a544 s., 62,46 AH
_c24 cm
490 0 _aKlasici marxizmu-leninizmu
500 _aŽivotopis. údaje. Vec. a men. reg.
700 1 _aEngels, Friedrich
_4aut
700 1 _aDvořáček, Zdeněk
_4com
700 1 _aTruchlik, Karol
_4com
700 1 _aBobáková, Magdaléna
_4trl
700 1 _aHadrabová, Viera
_4trl
700 1 _aHrubošová, Oľga
_4trl
700 1 _aLengyelová, Eva
_4trl
700 1 _aMusil, Pavol
_4trl
700 1 _aRakšányiová, Jana
_4trl
700 1 _aStryhalová, Mária
_4trl
700 1 _aŽitný, Milan
_d1948-
_4trl
700 1 _aTakáč, Oto
_4bkd
958 _aA
999 _c15469
_d15469